|
|
|
|
| LEADER |
00000nam a2200000 a 4500 |
| 001 |
vtls009007478 |
| 003 |
SK-MaSNL |
| 005 |
20260429044721.0 |
| 008 |
240315s2007 xo a g 000 0 slo |
| 015 |
|
|
|a SNBA2010/10-05494
|
| 020 |
|
|
|a 9788089272174
|q (brož.)
|
| 035 |
|
|
|a 8A25B24D-ED04-4D06-A847-F6E3A80714CA
|
| 035 |
|
|
|a urn:nbn:sk:snk-aml7vg
|
| 035 |
|
|
|a urn:nbn:sk:snk-am008t6n
|
| 040 |
|
|
|a SNK
|b slo
|c SNK
|e AACR2
|
| 041 |
0 |
|
|a slo
|a rus
|
| 044 |
|
|
|a xo
|c SK
|
| 072 |
|
7 |
|a 811.161
|x Východoslovanské jazyky
|2 konspekt
|
| 080 |
|
|
|a 811.161.1
|2 2001
|
| 080 |
|
|
|a (075)
|2 2001
|
| 100 |
1 |
|
|a Kollárová, Eva,
|d 1939-2025
|4 aut
|9 243891
|
| 245 |
1 |
0 |
|a Ruština pre samoukov
|b kuľtura pervych vstreč
|c Eva Kollárová, Anatolij Berdičevskij ; [ilustroval: Marian Jaššo]
|
| 250 |
|
|
|a 2. vyd.
|
| 260 |
|
|
|a Bratislava
|b Belimex
|c 2007
|
| 300 |
|
|
|a 175 s.
|b fareb. ilustr.
|c 21 cm
|e 2 audio CD
|
| 650 |
0 |
7 |
|a ruština
|2 SNKPH
|9 1346
|
| 655 |
|
7 |
|a učebnice
|2 SNKPH
|9 22521
|
| 700 |
1 |
|
|a Berdičevskij, Anatolij
|4 aut
|9 498655
|
| 700 |
1 |
|
|a Jaššo, Marián,
|d 1945-
|4 ill
|9 214934
|
| 919 |
|
|
|a 978-80-89272-17-4
|
| 958 |
|
|
|a OND
|
| 968 |
|
|
|d 81
|
| 999 |
|
|
|c 771239
|d 773169
|
| 952 |
|
|
|a SNK
|b SNK
|y PREZ
|7 0
|p 17A0558603
|o snkSC 128776
|i snk2007/17401
|8 0
|3 Prílohy: 2 audio CD
|0 0
|1 0
|4 0
|d 2007-07-16
|f 1
|l 0
|r 2025-06-17 00:00:00
|w 2026-02-24
|
| 952 |
|
|
|a SNK
|b SNK
|y VYP
|7 0
|p 17A0558621
|o snkSC 128776 D1
|i snk2007/17402
|8 0
|3 Prílohy: 2 audio CD
|0 0
|1 0
|4 0
|d 2007-07-16
|l 0
|r 2026-02-24 00:34:52
|w 2026-02-24
|
| 952 |
|
|
|a SNK
|b SNK
|y PREZ
|7 0
|p 17A0558601
|o snkSC 128776/príl. 1
|i snk2007/17401
|8 0
|3 Príloha: 1 audio CD
|z Príloha
|0 0
|1 0
|4 0
|d 2007-07-16
|l 0
|r 2025-06-17 00:00:00
|w 2026-02-24
|
| 952 |
|
|
|a SNK
|b SNK
|y PREZ
|7 0
|p 17A0558589
|o snkSC 128776/príl. 2
|i snk2007/17401
|8 0
|3 Príloha: 1 audio CD
|z Príloha
|0 0
|1 0
|4 0
|d 2007-07-16
|l 0
|r 2025-06-17 00:00:00
|w 2026-02-24
|
| 952 |
|
|
|a SNK
|b SNK
|y VYP
|7 0
|p 17A0558600
|o snkSC 128776/príl. 1 D1
|i snk2007/17402
|8 0
|3 Príloha: 1 audio CD
|z Príloha
|0 0
|1 0
|4 0
|d 2007-07-16
|l 0
|r 2026-02-24 00:34:53
|w 2026-02-24
|
| 952 |
|
|
|a SNK
|b SNK
|y VYP
|7 0
|p 17A0558602
|o snkSC 128776/príl. 2 D1
|i snk2007/17402
|8 0
|3 Príloha: 1 audio CD
|z Príloha
|0 0
|1 0
|4 0
|d 2007-07-16
|l 0
|r 2026-02-24 00:34:53
|w 2026-02-24
|